Brakujący klub w karierze piłkarza - Statystyki

Ogólne statystyki
  • Ten quiz został rozwiązany 637 razy
  • Średni wynik to 8 z 10
Statystyki odpowiedzi
Piłkarz Kariera Brakujący klub % Poprawnych
Wojciech Szczęsny 2009-2010 Brentford 2010-2015 ????? 2015-2017 Roma 2017- Juventus Arsenal
97%
Cristiano Ronaldo 2002-2003 Sporting 2003-2009 MU 2009-2018 Real Madryt 2018-2021 ????? 2021-2022 MU 2023- Al-Nassr Juventus
95%
Thibaut Courtois 2009-2011 Genk 2011-2014 Atletico 2014-2018 ????? 2018- Real Madryt Chelsea
92%
Mohamed Salah 2010-2012 Mokawloon 2012-2014 Basel 2014-2015 Chelsea 2015-2015 Fiorentina 2015-2017 ????? 2017- Liverpool Roma
87%
Achraf Hakimi 2016-2018 ????? 2018-2020 Dortmund 2020-2021 Inter 2021- PSG Real Madryt
76%
Angel Di Maria 2005-2007 Rosario 2007-2010 Benfica 2010-2014 Real Madryt 2014-2015 ????? 2015-2022 PSG 2022-2023 Juventus 2023- Benfica Manchester United
74%
Kamil Glik 2008-2010 Piast 2010-2011 Palermo 2011-2011 Bari 2011-2016 Torino 2016-2020 ????? 2020- Benevento Monaco
72%
Kevin De Bruyne 2008-2012 Genk 2012-2013 Werder 2013-2014 Chelsea 2014-2015 ????? 2015- Manchester City Wolfsburg
72%
Christian Eriksen 2010-2013 Ajax 2013-2020 ????? 2020-2021 Inter 2022-2022 Brentford 2022- MU Tottenham
67%
Thiago Silva 2007-2008 Fluminense 2009-2012 ????? 2012-2020 PSG 2020- Chelsea Milan
48%
Nie znaleziono quizów pasujących do podanych kryteriów
Rozkład punktacji
Procent ludzi z każdym wynikiem
Percentyl według liczby udzielonych odpowiedzi
Twoja historia wyników
Nie rozwiązałeś tego quizu